[Event "Bad Woerishofen op"]
[Site "?"]
[Date "2009.03.12"]
[Round "8"]
[White "Gerstner, Bernhard"]
[Black "Galje, Hans"]
[Result "1/2-1/2"]
[WhiteElo "2217"]
[BlackElo "2111"]
[PlyCount "84"]
[EventDate "2009.03.05"]

1. e4 e6 2. d4 d5 3. Nd2 Nf6 4. e5 Nfd7 5. Bd3 c5 6. c3 Nc6 7. Ne2 cxd4 8. cxd4
f6 9. exf6 Nxf6 10. Nf3 Bd6 11. O-O Qc7 12. Bg5 O-O 13. Bh4 Nh5 14. Qc2 h6 15.
Bh7+ Kh8 16. Bg6 Nf4 17. Nxf4 Bxf4 18. Bg3 Qb6 19. Qc3 Bxg3 20. hxg3 Bd7 21.
Rad1 Rac8 22. Bb1 Rf6 23. Qd3 g6 24. Ne5 Nxe5 25. dxe5 Rf5 26. Qa3 Rg5 27. Qe7
Qd8 28. Qd6 Qc7 29. Qe7 Qd8 30. Qxd8+ Rxd8 31. Rfe1 Rc8 32. Re3 Rg4 33. Rf3 Kg7
34. Rf6 Rf8 35. Rxf8 Kxf8 36. f4 Rxg3 37. Kf2 Rg4 38. Kf3 h5 39. g3 Kg7 40. Bd3
g5 41. Rh1 Kh8 42. b4 gxf4 1/2-1/2

[Event "Bad Woerishofen op"]
[Site "?"]
[Date "2009.03.12"]
[Round "8"]
[White "Baeuml, Ulrich"]
[Black "Kozlov, Alexander"]
[Result "1-0"]
[WhiteElo "2097"]
[BlackElo "2196"]
[PlyCount "53"]
[EventDate "2009.03.05"]

1. e4 d6 2. d4 Nf6 3. Nc3 e5 4. Nf3 Nbd7 5. h3 h6 6. Be3 c6 7. a4 b6 8. dxe5
dxe5 9. Bc4 Bb4 10. Qd3 O-O 11. g4 Qc7 12. g5 hxg5 13. Nxg5 Nc5 14. Bxc5 Bxc5
15. O-O-O g6 16. Rhg1 Kg7 17. Nxf7 Bxf2 18. Qd2 Rxf7 19. Qxf2 Nd5 20. Qg3 Nf4
21. Bxf7 Qxf7 22. Rd6 b5 23. axb5 cxb5 24. Qg5 Ne6 25. Qxe5+ Qf6 26. Qxf6+ Kxf6
27. Nxb5 1-0

[Event "Bad Woerishofen op"]
[Site "?"]
[Date "2009.03.12"]
[Round "8"]
[White "Ballon, Guenther Jan"]
[Black "Deues, Erik"]
[Result "1-0"]
[WhiteElo "2192"]
[BlackElo "2096"]
[PlyCount "95"]
[EventDate "2009.03.05"]

1. d4 Nf6 2. c4 c5 3. d5 e6 4. Nc3 exd5 5. cxd5 d6 6. e4 g6 7. f3 Bg7 8. Bg5
O-O 9. Qd2 Re8 10. Nge2 Nbd7 11. Nc1 a6 12. a4 Rb8 13. Be2 Qc7 14. O-O c4 15.
Be3 Nc5 16. Rb1 Bd7 17. b3 b5 18. axb5 axb5 19. b4 Na4 20. Nxa4 bxa4 21. Na2
Bb5 22. Nc3 Nd7 23. Rfc1 Bxc3 24. Rxc3 Rec8 25. Bd4 f6 26. f4 Ra8 27. Ra1 Qd8
28. Qc2 Nb6 29. Bg4 Bd7 30. Bxd7 Nxd7 31. Rxc4 Rxc4 32. Qxc4 Qb8 33. Ra3 Qe8
34. Qd3 f5 35. e5 dxe5 36. fxe5 Nxe5 37. Qe2 Ng4 38. Qe6+ Qxe6 39. dxe6 Re8 40.
h3 Nh6 41. Be3 Kg7 42. Rxa4 Rxe6 43. Ra7+ Nf7 44. Bd4+ Kf8 45. b5 Re1+ 46. Kf2
Rb1 47. b6 Nd8 48. Bc5+ 1-0

[Event "Bad Woerishofen op"]
[Site "?"]
[Date "2009.03.12"]
[Round "8"]
[White "Klein, Gereon"]
[Black "Frijling, Jereon"]
[Result "0-1"]
[WhiteElo "1945"]
[BlackElo "1823"]
[PlyCount "70"]
[EventDate "2009.03.05"]

1. Nf3 d5 2. d4 Nf6 3. c4 c6 4. Nc3 dxc4 5. a4 Bf5 6. e3 e6 7. Bxc4 Bb4 8. O-O
O-O 9. Nh4 Nbd7 10. Nxf5 exf5 11. Qc2 g6 12. Rd1 Nb6 13. Be2 a5 14. Bf3 Nbd5
15. Bd2 Rc8 16. Rac1 Qd7 17. Qd3 Rfe8 18. Nxd5 Nxd5 19. Bxd5 cxd5 20. Bxb4 axb4
21. Qb5 Qxb5 22. axb5 Rxc1 23. Rxc1 Ra8 24. Kf1 Ra2 25. Rc7 Rxb2 26. Rxb7 Ra2
27. b6 b3 28. Rb8+ Kg7 29. b7 b2 30. Rg8+ Kxg8 31. b8=Q+ Kg7 32. Qe5+ Kh6 33.
Qf4+ g5 34. Qd6+ Kh5 35. g4+ fxg4 0-1

[Event "Bad Woerishofen op"]
[Site "?"]
[Date "2009.03.12"]
[Round "8"]
[White "Schaefer, Michael"]
[Black "Urban, Rudolf"]
[Result "1-0"]
[WhiteElo "2183"]
[BlackElo "1994"]
[PlyCount "75"]
[EventDate "2009.03.05"]

1. d4 Nf6 2. c4 e5 3. dxe5 Ng4 4. Nf3 Bc5 5. e3 Nc6 6. Bd2 Ngxe5 7. Bc3 d6 8.
a3 a5 9. Nbd2 O-O 10. Be2 Qe7 11. Nb3 b6 12. O-O Bb7 13. Qd2 Rad8 14. h3 Ng6
15. Nbd4 Bxd4 16. exd4 Rfe8 17. Rfe1 Qf6 18. Bf1 h6 19. b4 axb4 20. axb4 d5 21.
b5 Nce7 22. c5 Bc8 23. Ne5 bxc5 24. Nxg6 Qxg6 25. Bd3 Qf6 26. dxc5 d4 27. Bb2
Bf5 28. Ra6 Be6 29. Re4 Kf8 30. Rf4 Qe5 31. Ba3 Nd5 32. Re4 Qf6 33. Bc4 Nc3 34.
Re1 Bxc4 35. Rxf6 gxf6 36. Qxh6+ Kg8 37. Rxe8+ Rxe8 38. Qxf6 1-0

[Event "Bad Woerishofen op"]
[Site "?"]
[Date "2009.03.12"]
[Round "8"]
[White "Hornung, Hans"]
[Black "Fiedler, Wolfgang"]
[Result "1/2-1/2"]
[WhiteElo "2166"]
[BlackElo "2068"]
[PlyCount "29"]
[EventDate "2009.03.05"]

1. c4 g6 2. d4 Bg7 3. e4 d6 4. Nf3 Nd7 5. Nc3 c6 6. Be2 e5 7. O-O Qc7 8. Rb1
Ngf6 9. b4 O-O 10. Re1 Re8 11. Bf1 Nf8 12. d5 cxd5 13. Nxd5 Nxd5 14. cxd5 f5
15. Nd2 1/2-1/2

[Event "Bad Woerishofen op"]
[Site "?"]
[Date "2009.03.12"]
[Round "8"]
[White "Gerhards, Walter"]
[Black "Wittfoth, Kai-Uve"]
[Result "0-1"]
[WhiteElo "1953"]
[BlackElo "2156"]
[PlyCount "78"]
[EventDate "2009.03.05"]

1. e4 c6 2. d4 d5 3. e5 Bf5 4. Be3 e6 5. Nd2 Nd7 6. Ne2 a6 7. Ng3 Bg6 8. Nf3 c5
9. Bd3 Ne7 10. c3 Nc6 11. O-O Be7 12. a3 Na5 13. b4 cxd4 14. cxd4 Nc4 15. Bxg6
hxg6 16. Qd3 b5 17. Ne2 a5 18. Nf4 Nf8 19. Qb3 g5 20. Nd3 a4 21. Qd1 f5 22. Nc5
f4 23. Bc1 Bxc5 24. dxc5 g4 25. Nd4 Qg5 26. Nxb5 Ng6 27. Nc7+ Kf7 28. Nxa8 Qh4
29. h3 Ncxe5 30. Re1 gxh3 31. Kf1 hxg2+ 32. Ke2 f3+ 33. Kd2 Qxf2+ 34. Kc3 Rh4
35. Qd2 Rc4+ 36. Kb2 Qxe1 37. Nb6 Qxd2+ 38. Bxd2 f2 39. Nxc4 Nxc4+ 0-1

[Event "Bad Woerishofen op"]
[Site "?"]
[Date "2009.03.12"]
[Round "8"]
[White "Kugelmann, Werner"]
[Black "Makryniotis, Konstant"]
[Result "1-0"]
[WhiteElo "2203"]
[BlackElo "1877"]
[PlyCount "71"]
[EventDate "2009.03.05"]

1. e4 d5 2. exd5 Qxd5 3. Nc3 Qd6 4. Nf3 Nf6 5. d4 a6 6. h3 g6 7. Bd3 Nc6 8. O-O
Bg7 9. Ne2 O-O 10. Bf4 Qd8 11. c4 Nb8 12. Qd2 Nbd7 13. Rad1 b6 14. Ng3 Bb7 15.
Qe2 Re8 16. Ne5 Nf8 17. Bc2 b5 18. b3 a5 19. d5 bxc4 20. bxc4 Ba6 21. Ba4 N8d7
22. Nc6 Qc8 23. Nxe7+ Rxe7 24. Qxe7 Bxc4 25. Rfe1 Bf8 26. Bxd7 Nxd7 27. Qe4 Ba6
28. Rc1 Bc5 29. Bh6 Bd6 30. Qd4 f6 31. f4 Qb7 32. Ne4 Be7 33. Kh1 Bb5 34. a4
Ba6 35. d6 Bd8 36. dxc7 1-0

[Event "Bad Woerishofen op"]
[Site "?"]
[Date "2009.03.12"]
[Round "8"]
[White "Wilhelm, Andreas"]
[Black "Guenther, Thomas"]
[Result "0-1"]
[WhiteElo "2020"]
[BlackElo "2128"]
[PlyCount "76"]
[EventDate "2009.03.05"]

1. d4 Nf6 2. Bg5 d5 3. c4 e6 4. Nc3 Be7 5. Nf3 Nbd7 6. e3 c6 7. cxd5 exd5 8.
Bd3 Ne4 9. Bxe7 Qxe7 10. Qc2 f5 11. O-O O-O 12. Rad1 g5 13. Nd2 Qg7 14. f3 Nxd2
15. Qxd2 Nb6 16. b4 Be6 17. b5 cxb5 18. Bxb5 Rac8 19. Rc1 a6 20. Na4 Nxa4 21.
Bxa4 Qe7 22. Rxc8 Rxc8 23. Rc1 Rxc1+ 24. Qxc1 Qb4 25. Bb3 a5 26. Qd1 b5 27. a4
bxa4 28. Bxa4 Kg7 29. h3 h5 30. Qb3 Qe1+ 31. Kh2 g4 32. fxg4 hxg4 33. Qb8 Qxe3
34. Qc7+ Bf7 35. hxg4 fxg4 36. Qxa5 g3+ 37. Kh3 Be6+ 38. Kh4 Qf4+ 0-1

[Event "Bad Woerishofen op"]
[Site "?"]
[Date "2009.03.12"]
[Round "8"]
[White "Titz, Waldemar"]
[Black "Sakowski, Christian"]
[Result "1/2-1/2"]
[WhiteElo "1805"]
[BlackElo "1916"]
[PlyCount "85"]
[EventDate "2009.03.05"]

1. e4 c6 2. d4 d5 3. Nd2 dxe4 4. Nxe4 Bf5 5. Ng3 Bg6 6. Nf3 Nd7 7. Bd3 Bxd3 8.
Qxd3 Ngf6 9. O-O e6 10. c4 Bd6 11. Ne4 Nxe4 12. Qxe4 Nf6 13. Qd3 O-O 14. Bg5
Re8 15. Rad1 Be7 16. b3 Qc7 17. Qe2 Rad8 18. Rfe1 h6 19. Bh4 Kf8 20. Bg3 Bd6
21. Be5 Bxe5 22. dxe5 Ng8 23. Qc2 g6 24. h3 c5 25. Rxd8 Rxd8 26. Rd1 Rd7 27.
Kf1 Qd8 28. Ke2 Rxd1 29. Qxd1 Qxd1+ 30. Kxd1 Ne7 31. Kd2 Nc6 32. a3 h5 33. h4
Ke8 34. Kc3 b6 35. b4 cxb4+ 36. axb4 Kd7 37. g3 Nd8 38. Ng5 a6 39. f4 Kc6 40.
Nf3 Nb7 41. Nd4+ Kd7 42. Nb3 Kc7 43. Nd4 1/2-1/2

[Event "Bad Woerishofen op"]
[Site "?"]
[Date "2009.03.12"]
[Round "8"]
[White "Luett, Michael"]
[Black "Lindner, Ulrich"]
[Result "1-0"]
[WhiteElo "2097"]
[BlackElo "1943"]
[PlyCount "47"]
[EventDate "2009.03.05"]

1. d4 e6 2. Nf3 f5 3. Bf4 Nf6 4. e3 b6 5. Bd3 Be7 6. c3 Bb7 7. Nbd2 O-O 8. h3
a5 9. Qe2 Ne4 10. O-O-O d6 11. Rhg1 Nd7 12. g4 c5 13. gxf5 exf5 14. Bxe4 fxe4
15. Ng5 Bxg5 16. Rxg5 Nf6 17. Rdg1 Rf7 18. Qd1 a4 19. Nc4 Ne8 20. Qg4 Bc8 21.
Qg2 b5 22. Nxd6 Bxh3 23. Nxf7 Kxf7 24. Qxh3 1-0

[Event "Bad Woerishofen sen"]
[Site "?"]
[Date "2009.03.12"]
[Round "8"]
[White "Mentel, Juergen Dr"]
[Black "Zunker, Reinhard Dr"]
[Result "1/2-1/2"]
[WhiteElo "2110"]
[BlackElo "2194"]
[PlyCount "34"]
[EventDate "2009.03.05"]

1. e4 c5 2. Nf3 e6 3. d3 Nc6 4. g3 g6 5. d4 cxd4 6. Nxd4 Nf6 7. Bg2 Nxd4 8.
Qxd4 d6 9. O-O e5 10. Qd3 h5 11. h4 Be6 12. Bg5 Be7 13. c4 Ng4 14. Bxe7 Kxe7
15. Bf3 Qb6 16. Bxg4 hxg4 17. Nc3 Qc6 1/2-1/2

[Event "Bad Woerishofen sen"]
[Site "?"]
[Date "2009.03.12"]
[Round "8"]
[White "Fels, Karl-Heinz"]
[Black "Lange, Manfred Dr"]
[Result "0-1"]
[WhiteElo "1936"]
[BlackElo "2086"]
[PlyCount "86"]
[EventDate "2009.03.05"]

1. e4 c5 2. Nf3 Nc6 3. d4 cxd4 4. Nxd4 e5 5. Nxc6 bxc6 6. Nc3 Nf6 7. a3 Bc5 8.
Bd3 O-O 9. O-O d5 10. Bg5 Be6 11. Qf3 Be7 12. b4 h6 13. Bd2 Kh8 14. h3 d4 15.
Ne2 Rc8 16. Ng3 Qd7 17. Rfb1 Rb8 18. Nh5 Nxh5 19. Qxh5 Qd6 20. g4 Kg8 21. Kg2
Rfc8 22. h4 g6 23. Qxh6 Bxg4 24. f3 Bh5 25. Rh1 Qd8 26. Be1 Bf8 27. Qd2 Kh7 28.
Bg3 Bh6 29. f4 f6 30. Qf2 Qe7 31. Raf1 Rf8 32. f5 Rg8 33. Bc4 Rg7 34. Be6 Be3
35. Qe1 Kh8 36. Kh2 gxf5 37. exf5 c5 38. c3 cxb4 39. axb4 Qb7 40. Bc4 Rc8 41.
Be2 Rxg3 42. Qxg3 Bxe2 43. Rfg1 Bf4 0-1

[Event "Bad Woerishofen sen"]
[Site "?"]
[Date "2009.03.12"]
[Round "8"]
[White "Ziltener, Werner"]
[Black "Aigner, Georg"]
[Result "1-0"]
[WhiteElo "2103"]
[BlackElo "2020"]
[PlyCount "65"]
[EventDate "2009.03.05"]

1. d4 c5 2. c3 Nf6 3. Nf3 e6 4. e3 d5 5. Ne5 Bd6 6. f4 Ne4 7. Qf3 Nd7 8. Bd3
Ndf6 9. O-O Bd7 10. Nd2 Nxd2 11. Bxd2 Qb6 12. Rab1 Bb5 13. c4 dxc4 14. Bxc4 Bc6
15. Nxc6 bxc6 16. dxc5 Bxc5 17. b4 Be7 18. b5 Nd5 19. bxc6 Qc5 20. Bxd5 exd5
21. Rfc1 Qd6 22. Bb4 Qe6 23. Bxe7 Kxe7 24. Rb7+ Kf6 25. Qf2 Qd6 26. Qh4+ Kg6
27. f5+ Kxf5 28. Rf1+ Kg6 29. Qg4+ Kh6 30. Rbxf7 Qe5 31. Qh3+ Kg6 32. R7f5 Qe4
33. Qh5# 1-0

[Event "Bad Woerishofen sen"]
[Site "?"]
[Date "2009.03.12"]
[Round "8"]
[White "Reinke, Kurt"]
[Black "Straub, Peter"]
[Result "1/2-1/2"]
[WhiteElo "1956"]
[BlackElo "2119"]
[PlyCount "32"]
[EventDate "2009.03.05"]

1. d4 Nf6 2. c4 g6 3. Nc3 d5 4. cxd5 Nxd5 5. e4 Nxc3 6. bxc3 Bg7 7. Nf3 c5 8.
Be3 O-O 9. Rb1 Nc6 10. Be2 Bg4 11. O-O Bxf3 12. Bxf3 cxd4 13. cxd4 Nxd4 14.
Rxb7 Nxf3+ 15. gxf3 Qa5 16. Qb3 e6 1/2-1/2

[Event "Bad Woerishofen sen"]
[Site "?"]
[Date "2009.03.12"]
[Round "8"]
[White "Budt, Karl-Heinz"]
[Black "Neumann, Erwin"]
[Result "1-0"]
[WhiteElo "2134"]
[BlackElo "1982"]
[PlyCount "43"]
[EventDate "2009.03.05"]

1. d4 Nf6 2. c4 e6 3. Nf3 b6 4. g3 Bb7 5. Bg2 Be7 6. O-O O-O 7. Nc3 d5 8. cxd5
exd5 9. Ne5 Nbd7 10. Qa4 a6 11. Nxd7 Nxd7 12. Nxd5 b5 13. Qc2 Bd6 14. Bd2 c6
15. Nc3 Rc8 16. Ne4 Be7 17. Rfd1 Qb6 18. Be3 f5 19. Nc5 Nf6 20. Qxf5 Rf7 21.
Qe6 Nd5 22. Bxd5 1-0

[Event "Bad Woerishofen sen"]
[Site "?"]
[Date "2009.03.12"]
[Round "8"]
[White "Weber, Gerhard Dr"]
[Black "Gudat, Alfons"]
[Result "0-1"]
[WhiteElo "1952"]
[BlackElo "2055"]
[PlyCount "20"]
[EventDate "2009.03.05"]

1. e4 c5 2. c4 Nc6 3. Nc3 g6 4. g3 Bg7 5. Nge2 e6 6. Bg2 Nge7 7. O-O O-O 8. d3
d6 9. Be3 Nd4 10. Nxd4 Bxd4 0-1